Caricamento...

Supporting learning and teaching/

Dettagli Bibliografici
Autore principale: Bold,Christine,Ed
Natura: Printed Book
Pubblicazione: London: Routledge, 2014.
Edizione:2nd ed.
Soggetti:
LEADER 00478 a2200133 4500
020 |a 9780415583565 
100 |a Bold,Christine,Ed. 
245 |a Supporting learning and teaching/ 
250 |a 2nd ed. 
260 |a London:  |b Routledge,  |c 2014. 
300 |3 203p. 
650 |a Administration 
999 |c 187351  |d 187351 
952 |0 0  |1 0  |2 ddc  |4 0  |6 371_102000000000000_BOL_S  |7 0  |9 206644  |a EDU  |b EDU  |c GEN  |d 2017-04-07  |e By purchase  |g 0.00  |i 7126  |l 1  |o 371.102 BOL/S  |p EDU7126  |r 2018-01-05  |s 2017-11-20  |w 2017-04-07  |y BK